| 000 | 00474cam a22001457a 4500 | ||
|---|---|---|---|
| 008 | 180718b1967 xxu||||| |||| 00| 0 eng d | ||
| 082 | _aO92 D617 | ||
| 100 | _aDinnage, Rosemary | ||
| 245 |
_aResidential child care : facts and fallacies _cby Rosemary Dinnage And M.L. Kellmer Pringle |
||
| 260 |
_aLondon _bLongmans _c1967 |
||
| 300 | _ax,344p | ||
| 650 | _aChild welfare --Research. | ||
| 650 | _aChildren --Institutional care --Research | ||
| 700 | _aPringle, M.L. Kellmer | ||
| 999 |
_c413048 _d413048 |
||